|
|
|
|
| LEADER |
00000nam0a2200000 4500 |
| 001 |
29467 |
| 005 |
20231030203500.0 |
| 010 |
|
|
|a 5922100912
|
| 035 |
|
|
|a (RuTPU)RU\TPU\book\29732
|
| 035 |
|
|
|a BOOK00000026
|
| 090 |
|
|
|a 29467
|
| 100 |
|
|
|a 20011209d2001 k y0rusy50 ca
|
| 101 |
0 |
|
|a rus
|
| 102 |
|
|
|a RU
|
| 105 |
|
|
|a a z 001zy
|
| 200 |
1 |
|
|a Метод векторных функций Ляпунова: анализ динамических свойств нелинейных систем
|f В. М. Матросов
|
| 210 |
|
|
|a Москва
|c Физматлит
|d 2001
|
| 215 |
|
|
|a 380 с.
|
| 320 |
|
|
|a Библиогр.: с. 354-377.
|
| 320 |
|
|
|a Имен. указ.: с. 378-380.
|
| 610 |
1 |
|
|a математика
|
| 610 |
1 |
|
|a векторные функции
|
| 610 |
1 |
|
|a функции Ляпунова
|
| 610 |
1 |
|
|a нелинейные системы
|
| 610 |
1 |
|
|a динамические свойства
|
| 610 |
1 |
|
|a анализ
|
| 610 |
1 |
|
|a движение
|
| 610 |
1 |
|
|a устойчивость
|
| 610 |
1 |
|
|a дифференциальные уравнения
|
| 610 |
1 |
|
|a асимптотическая устойчивость
|
| 610 |
1 |
|
|a банаховое пространство
|
| 610 |
1 |
|
|a дифференциальные неравенства
|
| 675 |
|
|
|a 517.929
|v 3
|
| 700 |
|
1 |
|a Матросов
|b В. М.
|g Владимир Мефодьевич
|
| 801 |
|
0 |
|a RU
|b 63413507
|c 20011209
|g PSBO
|
| 801 |
|
2 |
|a RU
|b 63413507
|c 20081001
|g PSBO
|
| 942 |
|
|
|c BK
|